00440nam a22001457a 4500003000600000005001700006008004100023040000800064082002400072100002300096245010400119260004500223300001500268650001100283GBCCL20241126110704.0220405b ||||| |||| 00| 0 eng d cgbc aARCH GBC-2020 bMAN aMangte, Lamjoylian aA study on the decline of morality in the context of Evangelical Baptist Convention Church in Lamka aNew Lamka: bGrace Bible College, c2020 axx, 59p. ; aEthics